000 00956nam a22002537a 4500
999 _c19430
_d19430
003 AR-CdUCM
008 190517b ||||| |||| 00| 0 spa d
020 _a968-816-025-3
040 _aMUNICIPALIDAD PROVINCIAL DEL CUSCO
_cBIBLIOTECA MUNICIPAL DEL CUSCO
082 _a923.74 /
_bR24
100 _aRangel Gaspar, Eliseo
_940757
245 _aImagen de Francisco I. Madero /
260 _aMéxico :
_bEdicupes,
_c1984.
300 _a178 páginas ;
_c22 cm.
440 _aConciencia cívica nacional ;
_n11
_940758
505 _aContenido: Una revolución, un hombre -- El concepto de la revolución -- El hombre de las circunstancias -- La actuación política -- El apóstol de la democracia -- Un libro fundamental...
650 _aRevolución
_9844
650 _aIdeología
_91109
650 _aPolítica
_9291
650 _aSiglo XX.
_98
710 _aDepartamento del distrito federal
_912486
942 _2ddc
_cLIBROS
945 _aacv
_d2019-05-17